Statistics for Utah Jazz Players 2023-2024

Click here to take the quiz!

General Stats

  • This quiz has been taken 5 times
  • The average score is 8 of 18

Answer Stats

#Player% Correct
2Colin Sexton
100%
20John Collins
100%
00Jordan Clarkson
100%
23Lauri Markkanen
100%
3Keyonte George
80%
24Walker Kessler
80%
0Taylor Hendricks
60%
33Johnny Juzang
40%
11Kris Dunn
40%
10Jason Preston
20%
35Kenneth Lofton Jr
20%
13Kira Lewis Jr
20%
25Micah Potter
20%
77Omer Yurtseven
20%
5Talen Horton-Tucker
20%
8Brice Sesabaugh
0%
26Darius Bazley
0%
19Luka Samanic
0%

Score Distribution

Percentile by Number Answered

Percent of People with Each Score

Your Score History

You have not taken this quiz